[Event "Amber-rapid 16th"]
[Site "Monte Carlo"]
[Date "2007.03.27"]
[Round "9"]
[White "Anand, Viswanathan"]
[Black "Aronian, Levon"]
[Result "1-0"]
[WhiteElo "2779"]
[BlackElo "2744"]
[PlyCount "113"]
[EventDate "2007.03.17"]
[EventType "tourn (rapid)"]
[EventRounds "11"]
[EventCountry "MNC"]
[EventCategory "20"]
[SourceTitle "CBM 117 Extra"]
[Source "ChessBase"]
[SourceDate "2007.05.09"]
[SourceVersion "1"]
[SourceVersionDate "2007.05.09"]
[SourceQuality "1"]

1. e4 e5 2. Nf3 Nc6 3. Bb5 a6 4. Ba4 Nf6 5. O-O Be7 6. Re1 b5 7. Bb3 O-O 8. c3
d5 9. exd5 Nxd5 10. Nxe5 Nxe5 11. Rxe5 c6 12. d4 Bd6 13. Re1 Qh4 14. g3 Qh3 15.
Re4 g5 16. Qf1 Qh5 17. Nd2 Bf5 18. f3 Nf6 19. Qg2 Qg6 20. Re3 Rae8 21. Ne4 Nd5
22. Bxd5 cxd5 23. Nxd6 Qxd6 24. Rxe8 Rxe8 25. Bxg5 Qe6 26. g4 Bd3 27. Rd1 Qe1+
28. Rxe1 Rxe1+ 29. Kf2 Re2+ 30. Kg3 Rxg2+ 31. Kxg2 Kg7 32. Bd8 f6 33. Kg3 Kf7
34. Kf4 Ke6 35. Ke3 Bb1 36. a4 Bc2 37. a5 Bd1 38. Kf4 Bc2 39. Kg3 Bd1 40. h3
Be2 41. f4 f5 42. Kh4 Bf1 43. b4 Bg2 44. Kh5 Bf3 45. Bc7 Kf6 46. Bd8+ Ke6 47.
Kg5 h6+ 48. Kg6 fxg4 49. f5+ Kd7 50. hxg4 Bxg4 51. f6 Be6 52. f7 Bxf7+ 53. Kxf7
Kxd8 54. Ke6 Ke8 55. Kxd5 Kf7 56. c4 bxc4 57. Kxc4 1-0

[Event "chess.com Speed 5m+1spm 2017"]
[Site "chess.com INT"]
[Date "2018.08.02"]
[Round "9"]
[White "Vachier Lagrave, M."]
[Black "Dominguez Perez, L."]
[Result "1-0"]
[WhiteElo "2779"]
[BlackElo "2739"]
[PlyCount "69"]
[EventDate "2018.07.24"]
[EventType "k.o. (blitz)"]
[EventRounds "4"]
[EventCountry "USA"]
[SourceTitle "The Week in Chess 1239"]
[Source "Mark Crowther"]
[SourceDate "2018.08.06"]
[SourceVersion "1"]
[SourceVersionDate "2018.08.06"]
[SourceQuality "2"]

1. e4 e5 2. Nf3 Nc6 3. Bc4 Bc5 4. c3 Nf6 5. d3 d6 6. O-O O-O 7. Re1 Ne7 8. d4
Bb6 9. a4 a5 10. Be3 Nxe4 11. dxe5 Bxe3 12. Rxe3 d5 13. Bxd5 Nxf2 14. Bxf7+
Kxf7 15. Qxd8 Rxd8 16. Kxf2 h6 17. Na3 Nd5 18. Rd3 Bf5 19. Rd4 c5 20. Rd2 Nf4
21. Nc4 Rxd2+ 22. Nfxd2 Ke6 23. Nb3 b6 24. Rd1 Nd3+ 25. Ke3 Nxe5 26. Nxb6 Rb8
27. Nxc5+ Ke7 28. Nd5+ Kf7 29. Kf4 Bc2 30. Rf1 Nc4 31. b4 axb4 32. cxb4 Rd8 33.
Ne3 Rd4+ 34. Kg3+ Kg6 35. Nxc2 1-0

[Event "ch-USA TB 2021"]
[Site "Saint Louis USA"]
[Date "2021.10.19"]
[Round "3"]
[White "So, W."]
[Black "Sevian, Samuel"]
[Result "1-0"]
[WhiteElo "2778"]
[BlackElo "2654"]
[PlyCount "65"]
[EventDate "2021.10.19"]
[SourceVersionDate "2018.05.14"]

1. d4 g6 2. c4 Bg7 3. Nf3 d6 4. Nc3 Nd7 5. e4 e5 6. Be2 Ne7 7. O-O O-O 8. Re1
h6 9. Bf1 f5 10. dxe5 dxe5 11. b4 Nc6 12. b5 Nd4 13. Ba3 Rf7 14. c5 fxe4 15.
Nxd4 exd4 16. Bc4 Ne5 17. Bxf7+ Nxf7 18. Nxe4 Be6 19. Bb2 Bc4 20. a4 a6 21. Nd2
axb5 22. axb5 Rxa1 23. Bxa1 Bxb5 24. Nf3 d3 25. Bxg7 Kxg7 26. Qa1+ Kg8 27. Nd4
Bc4 28. Qc3 b5 29. cxb6 Nd6 30. Nc6 Qg5 31. b7 Bd5 32. b8=Q+ Kf7 33. Qxc7+ 1-0

[Event "EU-chT (Men) 20th"]
[Site "Reykjavik"]
[Date "2015.11.20"]
[Round "7.1"]
[White "Giri, Anish"]
[Black "Adams, Michael"]
[Result "1/2-1/2"]
[WhiteElo "2778"]
[BlackElo "2744"]
[PlyCount "80"]
[EventDate "2015.11.13"]
[EventType "team-swiss"]
[EventRounds "9"]
[EventCountry "ISL"]
[SourceTitle "CBM 170"]
[Source "ChessBase"]
[SourceDate "2016.01.15"]
[SourceVersion "1"]
[SourceVersionDate "2016.01.15"]
[SourceQuality "1"]
[WhiteTeam "Netherlands"]
[BlackTeam "England"]
[WhiteTeamCountry "NED"]
[BlackTeamCountry "ENG"]
[WhiteClock "0:35:26"]
[BlackClock "0:35:11"]

1. d4 Nf6 2. c4 e6 3. Nf3 d5 4. Nc3 Be7 5. Bg5 h6 6. Bh4 O-O 7. e3 b6 8. Be2
Bb7 9. Bxf6 Bxf6 10. cxd5 exd5 11. b4 c6 12. O-O Re8 13. Rc1 a5 14. b5 c5 15.
Na4 c4 16. Ne5 Ra7 17. f4 Nd7 18. e4 Nxe5 19. dxe5 Be7 20. exd5 Bxd5 21. Qd4 c3
22. Qxc3 Bxa2 23. Qe3 Bb4 24. Rc2 Be6 25. f5 Bd5 26. Nxb6 Rae7 27. Nxd5 Rxe5
28. Qf3 Rxd5 29. Kh1 Rde5 30. Bc4 Re1 31. Rc1 Rxf1+ 32. Rxf1 Qc7 33. Bb3 Qe5
34. f6 Qxb5 35. fxg7 Qxf1+ 36. Qxf1 Re1 37. Bxf7+ Kxg7 38. Qxe1 Bxe1 39. Bb3 h5
40. g3 h4 1/2-1/2

[Event "Titled Tuesday 13th Apr"]
[Site "chess.com INT"]
[Date "2021.04.13"]
[Round "4"]
[White "Grischuk, A."]
[Black "Maevsky, N."]
[Result "1-0"]
[WhiteElo "2777"]
[BlackElo "2337"]
[PlyCount "79"]
[EventDate "2021.04.13"]
[EventType "swiss (blitz)"]
[EventRounds "11"]
[SourceTitle "The Week in Chess 1380"]
[Source "Mark Crowther"]
[SourceDate "2021.04.19"]
[SourceVersion "1"]
[SourceVersionDate "2021.04.19"]
[SourceQuality "2"]

1. c4 c6 2. Nf3 d5 3. e3 Nf6 4. Nc3 a6 5. Qc2 g6 6. b3 Bg7 7. Bb2 O-O 8. Be2
Bg4 9. O-O Nbd7 10. h3 Bxf3 11. Bxf3 e6 12. d4 Re8 13. Rfd1 Rc8 14. Rac1 Qe7
15. g3 h5 16. Bg2 Red8 17. Ne2 Qf8 18. Nf4 b5 19. Qe2 Nb6 20. Bc3 bxc4 21. Ba5
Rb8 22. bxc4 Qa3 23. Qe1 Rdc8 24. Bxb6 Rxb6 25. cxd5 exd5 26. Nxd5 Nxd5 27.
Bxd5 c5 28. Qe2 Rbb8 29. Qf3 cxd4 30. Rxc8+ Rxc8 31. Bxf7+ Kh7 32. Bxg6+ Kxg6
33. Qe4+ Kh6 34. Qe6+ Kh7 35. Qf5+ Kh6 36. Qxc8 dxe3 37. Qe6+ Kh7 38. Qe4+ Kh6
39. Qxe3+ Kh7 40. Qxa3 1-0

[Event "chess.com Speed 3m+1spm 2017"]
[Site "chess.com INT"]
[Date "2018.07.26"]
[Round "12"]
[White "Nakamura, Hi"]
[Black "Hou Yifan"]
[Result "1-0"]
[WhiteElo "2777"]
[BlackElo "2658"]
[PlyCount "99"]
[EventDate "2018.07.24"]
[EventType "k.o. (blitz)"]
[EventRounds "4"]
[EventCountry "USA"]
[SourceTitle "The Week in Chess 1238"]
[Source "Mark Crowther"]
[SourceDate "2018.07.30"]
[SourceVersion "2"]
[SourceVersionDate "2018.07.31"]
[SourceQuality "2"]

1. b3 e5 2. Bb2 Nc6 3. e3 Nf6 4. c4 g6 5. Nf3 d6 6. d4 e4 7. Nfd2 Bg7 8. Nc3
Qe7 9. d5 Ne5 10. Ncxe4 Nxe4 11. Nxe4 Bg4 12. Qc1 O-O 13. Nd2 f5 14. f3 Bh5 15.
Qc2 f4 16. e4 Qh4+ 17. Ke2 Qe7 18. Re1 Bf6 19. Kd1 g5 20. Be2 Bg6 21. g3 Bg7
22. Reg1 c6 23. h4 cxd5 24. h5 Be8 25. h6 Bh8 26. gxf4 Rxf4 27. cxd5 Bg6 28.
Rg3 Rff8 29. b4 Rac8 30. Qb3 Bf6 31. Rhg1 Nf7 32. Nc4 b5 33. Na5 Be5 34. Nc6
Rxc6 35. dxc6 Bxg3 36. Rxg3 a6 37. a4 bxa4 38. Qd5 a3 39. Ba1 Qa7 40. Bd4 Qe7
41. Bc4 a2 42. Bxa2 Rb8 43. Rxg5 Rxb4 44. Rxg6+ hxg6 45. Bc3 Rb5 46. Qxf7+ Qxf7
47. Bxf7+ Kh7 48. c7 Rc5 49. Ba5 Kxh6 50. Be6 1-0

[Event "chess.com Speed 5m+1spm 2017"]
[Site "chess.com INT"]
[Date "2018.07.26"]
[Round "3"]
[White "Nakamura, Hi"]
[Black "Hou Yifan"]
[Result "1-0"]
[WhiteElo "2777"]
[BlackElo "2658"]
[PlyCount "167"]
[EventDate "2018.07.24"]
[EventType "k.o. (blitz)"]
[EventRounds "4"]
[EventCountry "USA"]
[SourceTitle "The Week in Chess 1238"]
[Source "Mark Crowther"]
[SourceDate "2018.07.30"]
[SourceVersion "2"]
[SourceVersionDate "2018.07.31"]
[SourceQuality "2"]

1. Nf3 Nf6 2. e3 d5 3. Be2 e6 4. O-O b6 5. c4 Bd6 6. b3 O-O 7. Bb2 Bb7 8. Nc3
a6 9. Qc2 Nbd7 10. Rad1 Rc8 11. d4 Qe7 12. Qb1 Ne4 13. Nxe4 dxe4 14. Ne5 Nxe5
15. dxe5 Ba3 16. Ba1 Rfd8 17. Rxd8+ Rxd8 18. Rd1 h6 19. g3 a5 20. h4 Rd7 21. h5
Bc5 22. Bc3 Qd8 23. Rxd7 Qxd7 24. Qd1 Qxd1+ 25. Bxd1 Kf8 26. g4 Ke8 27. Bb2 Kd7
28. Kg2 Be7 29. Kg3 Ke8 30. a3 Kd7 31. Bc1 Ke8 32. Bc2 Kd7 33. Kg2 Ke8 34. Bb2
Kd7 35. Kf1 Ke8 36. Ke2 Kd7 37. Bc1 Ke8 38. Ke1 Kd7 39. Kf1 Ke8 40. Bd1 Kd7 41.
Ke2 Ke8 42. Kd2 Bh4 43. Ke1 Be7 44. Be2 Kd7 45. Bd1 Ke8 46. Bc2 Kd7 47. Kf1 Ke8
48. Kg2 Kd7 49. Kg3 Ke8 50. Bb2 Kd7 51. f4 exf3 52. e4 Bg5 53. Kxf3 Ke7 54. b4
axb4 55. axb4 Bd2 56. Ba3 Bc3 57. b5+ Ke8 58. c5 bxc5 59. Bxc5 Bxe5 60. Ba4 Kd8
61. Ke3 Bc8 62. Bc2 Bd7 63. Bd3 Bd6 64. Ba7 e5 65. Kf3 Ke7 66. Be3 Kf6 67. Bc4
Be6 68. Bd5 Bd7 69. Bc4 Bf8 70. Ba7 Bd6 71. Kg3 g6 72. Bb8 Ke7 73. g5 hxg5 74.
h6 Kf8 75. b6 cxb6 76. Bxd6+ Kg8 77. Bxe5 b5 78. Bxf7+ Kh7 79. Bf6 Kxh6 80. e5
b4 81. e6 Ba4 82. e7 Bb5 83. e8=Q Bxe8 84. Bxe8 1-0

[Event "Chessbrah Inv May 2020"]
[Site "chess.com INT"]
[Date "2020.05.15"]
[Round "1.14"]
[White "Grischuk, A."]
[Black "Giri, A."]
[Result "0-1"]
[WhiteElo "2777"]
[BlackElo "2764"]
[PlyCount "90"]
[EventDate "2020.05.15"]
[EventType "k.o. (blitz)"]
[EventRounds "3"]
[SourceTitle "The Week in Chess 1332"]
[Source "Mark Crowther"]
[SourceDate "2020.05.18"]
[SourceVersion "3"]
[SourceVersionDate "2020.05.28"]
[SourceQuality "2"]

1. d4 Nf6 2. c4 e6 3. Nf3 d5 4. Nc3 c5 5. cxd5 Nxd5 6. a3 cxd4 7. Qxd4 Nc6 8.
Qd2 Be7 9. e4 Nxc3 10. Qxc3 O-O 11. Be3 e5 12. Bc4 Bg4 13. Rd1 Qc7 14. Bd5 Rad8
15. O-O Bxf3 16. gxf3 Bf6 17. b4 a6 18. Rd3 Qc8 19. Kg2 Be7 20. Rfd1 Rd6 21.
Bxf7+ Rxf7 22. Rxd6 Bxd6 23. Rxd6 Rxf3 24. Kxf3 Qf8+ 25. Ke2 Qxd6 26. Qc4+ Kh8
27. Qf7 h6 28. Qxb7 Qe6 29. h3 Kh7 30. Qb6 Qc4+ 31. Kf3 Nd4+ 32. Bxd4 exd4 33.
Qc5 Qd3+ 34. Kf4 Qd2+ 35. Ke5 d3 36. Kd4 Qe2 37. Qc4 Qxf2+ 38. Kxd3 Qf3+ 39.
Kd4 Qxa3 40. e5 Qxh3 41. Qxa6 Qg4+ 42. Kd5 h5 43. Qd3+ Kh6 44. e6 Qg5+ 45. Kd6
Qd8+ 0-1

[Event "MrDodgy Invitational 2"]
[Site "chess24.com INT"]
[Date "2021.05.13"]
[Round "1.5"]
[White "Grischuk, A."]
[Black "Jobava, Ba"]
[Result "1/2-1/2"]
[WhiteElo "2776"]
[BlackElo "2603"]
[PlyCount "94"]
[EventDate "2021.05.12"]
[EventType "k.o. (blitz)"]
[EventRounds "4"]
[SourceTitle "The Week in Chess 1384"]
[Source "Mark Crowther"]
[SourceDate "2021.05.17"]
[SourceVersion "1"]
[SourceVersionDate "2021.05.17"]
[SourceQuality "2"]

1. e4 e5 2. Nf3 Nf6 3. Nxe5 d6 4. Nf3 Nxe4 5. d4 d5 6. Bd3 Bd6 7. O-O O-O 8. c4
c6 9. Nc3 Nxc3 10. bxc3 h6 11. Re1 Nd7 12. a4 Nf6 13. h3 Re8 14. Rxe8+ Qxe8 15.
a5 dxc4 16. Bxc4 Be6 17. Bf1 Rd8 18. c4 Bf5 19. Be3 Ne4 20. Qb3 Qe7 21. c5 Bb8
22. a6 bxa6 23. Bc4 Qf6 24. Rxa6 Bxh3 25. Bxf7+ Kh8 26. Bc4 Bg4 27. Be2 Be6 28.
Qb7 Bd5 29. Ra3 Re8 30. Bf1 Qg6 31. Ne5 Bxe5 32. dxe5 Rxe5 33. Rxa7 Kh7 34. Ra8
Nc3 35. Qb2 Bxg2 36. Bxg2 Re4 37. Qb8 Qg4 38. Qg8+ Kg6 39. Rf8 Qd1+ 40. Kh2
Rh4+ 41. Bh3 Rxh3+ 42. Kxh3 Qh5+ 43. Kg2 Qg4+ 44. Kf1 Qd1+ 45. Kg2 Qg4+ 46. Kf1
Qd1+ 47. Kg2 Qg4+ 1/2-1/2

[Event "Reggio Emilia 54th"]
[Site "Reggio Emilia"]
[Date "2011.12.27"]
[Round "1"]
[White "Ivanchuk, Vassily"]
[Black "Giri, Anish"]
[Result "1/2-1/2"]
[WhiteElo "2775"]
[BlackElo "2714"]
[PlyCount "84"]
[EventDate "2011.12.27"]
[EventType "tourn"]
[EventRounds "10"]
[EventCountry "ITA"]
[EventCategory "20"]
[SourceTitle "CBM 146"]
[Source "ChessBase"]
[SourceDate "2012.01.18"]
[SourceVersion "1"]
[SourceVersionDate "2012.01.18"]
[SourceQuality "1"]

1. c4 Nf6 2. Nf3 e6 3. Nc3 d5 4. d4 Be7 5. Bg5 h6 6. Bxf6 Bxf6 7. e3 O-O 8. Rc1
c6 9. Be2 dxc4 10. Bxc4 Nd7 11. O-O e5 12. Ne4 exd4 13. Nxd4 Be5 14. f4 Bc7 15.
Bxf7+ Rxf7 16. Ne6 Qe8 17. Nxc7 Qxe4 18. Nxa8 Qxe3+ 19. Rf2 Nf6 20. Qe1 Qxe1+
21. Rxe1 Nd5 22. Re8+ Rf8 23. Rfe2 b5 24. R2e5 a6 25. f5 Bb7 26. Rxf8+ Kxf8 27.
Rxd5 cxd5 28. Nc7 Kf7 29. Kf2 d4 30. g4 g5 31. fxg6+ Kxg6 32. Ne6 Bc8 33. Nxd4
Bxg4 34. Kg3 Kg5 35. h4+ Kh5 36. a3 Bd7 37. Nf3 Bc8 38. Ne5 Bb7 39. b4 Bc8 40.
Nc6 Bd7 41. Nb8 Bc8 42. Nc6 Bd7 1/2-1/2

[Event "Biel SKA"]
[Site "Biel"]
[Date "1996.07.28"]
[Round "6"]
[White "Karpov, Anatoly"]
[Black "Tukmakov, Vladimir B"]
[Result "1/2-1/2"]
[WhiteElo "2775"]
[BlackElo "2580"]
[Annotator "Lutz,C"]
[PlyCount "134"]
[EventDate "1996.07.22"]
[EventType "tourn"]
[EventRounds "11"]
[EventCountry "SUI"]
[EventCategory "16"]
[SourceTitle "CBM 055"]
[Source "ChessBase"]
[SourceDate "1996.12.01"]
[SourceVersion "1"]
[SourceVersionDate "1996.12.01"]
[SourceQuality "1"]

1. d4 d5 2. c4 c6 3. Nc3 Nf6 4. Nf3 e6 5. e3 Nbd7 6. Qc2 Bd6 7. Bd3 O-O 8. O-O
dxc4 9. Bxc4 Qe7 10. Rd1 e5 11. Bb3 (11. h3 {Boensch,U-Slobodjan,R/Bad Homburg
(08) ;CBM 55 1996}) 11... e4 12. Nd2 (12. Ng5 Bxh2+ 13. Kxh2 Ng4+ 14. Kg1 Qxg5
15. Nxe4 (15. Qxe4 Ndf6 16. Qf4 Qh4 17. Qg3 Qxg3 18. fxg3 Re8 19. Re1 Be6 $15 {
Izhnin,A-Guliev,S/Nikolaev zt (10) ;CBM 47 1995}) 15... Qh4 16. Ng3 $13 {
Hellsten,J-Sergejev,R/WchJM-U20 Halle (05) ;EXP 48 1995}) 12... Re8 13. f3 exf3
14. Nxf3 Nf8 15. e4 $1 {Wenn Schwarz zur Blockade des Feldes e4 kommt, kann er
besser stehen. Dank einer taktischen Wendung behält Weiß Endspielinitiative,
aber Schwarz verteidigt sich genau.} Nxe4 16. Qxe4 Qxe4 17. Nxe4 Rxe4 18. Bxf7+
Kh8 19. Ng5 Re7 20. Rf1 (20. Bb3 Be6 (20... Ne6 $2 21. Rf1 $1) 21. Nxe6 Nxe6
$10) 20... Ne6 $10 (20... Be6 $4 21. Bxe6 {1-0 Vilela,J-Leyva,H/Capablanca
mem-B (10) ;EXP 52 1996}) 21. Bd2 Nxg5 22. Bxg5 Re4 23. Rae1 Bf5 24. Rxe4 Bxe4
25. Re1 Rf8 26. Rxe4 Rxf7 27. Re6 Bf8 28. Re8 h6 29. Be3 Kh7 30. d5 cxd5 31.
Bxa7 Be7 32. Bd4 Bf6 33. Bxf6 Rxf6 34. Re5 d4 35. Rd5 Rc6 36. b3 Rc1+ 37. Kf2
Rc2+ 38. Kf3 Rxa2 39. Rxd4 Rc2 40. Rc4 Rd2 41. Rb4 Rd3+ 42. Ke2 Rd7 43. h4 h5
44. Rb5 g6 45. g3 Kh6 46. Ke3 Kg7 47. b4 Kf6 48. Ke4 Rc7 49. Rb6+ Rc6 50. Rxb7
Rc4+ 51. Kd5 Rc3 52. b5 Rxg3 53. Rb8 Rb3 54. Kc4 Rb1 55. Rf8+ Kg7 56. Rf4 g5
57. Rf5 gxh4 58. Rxh5 Rc1+ 59. Kd4 Rb1 60. Kc5 Rc1+ 61. Kd6 Rb1 62. Kc6 Rc1+
63. Kb7 Rc4 64. b6 Kg6 65. Rh8 Kg5 66. Ka6 Rb4 67. b7 Kg4 1/2-1/2

[Event "Chess Classics Final"]
[Site "Frankfurt"]
[Date "1996.??.??"]
[Round "2"]
[White "Kramnik, Vladimir"]
[Black "Shirov, Alexei"]
[Result "1/2-1/2"]
[WhiteElo "2775"]
[BlackElo "2690"]
[PlyCount "100"]
[EventDate "1996.??.??"]
[EventType "match (rapid)"]
[EventRounds "2"]
[EventCountry "GER"]
[SourceTitle "EXT 1998"]
[Source "ChessBase"]
[SourceDate "1997.11.17"]
[SourceVersion "1"]
[SourceVersionDate "1997.11.17"]
[SourceQuality "1"]

1. Nf3 d5 2. d4 Nf6 3. c4 c6 4. Nc3 e6 5. e3 Nbd7 6. Qc2 Bd6 7. Bd2 O-O 8. Bd3
dxc4 9. Bxc4 e5 10. O-O Qe7 11. Bb3 e4 12. Ng5 Bxh2+ 13. Kxh2 Ng4+ 14. Kg1 Qxg5
15. Qxe4 Ndf6 16. Qf4 Qh4 17. f3 g5 18. Be1 Qh6 19. Qd6 Nxe3 20. Ne4 Be6 21.
Bxe6 Nxe4 22. Bxf7+ Kg7 23. Qe5+ Kxf7 24. fxe4+ Nxf1 25. Bb4 Qh2+ 26. Qxh2 Nxh2
27. Bxf8 Rxf8 28. Kxh2 Ke6 29. Re1 Rf2 30. Kg3 Rxb2 31. Rh1 Rb4 32. Rh6+ Kf7
33. Rxh7+ Ke6 34. Rh6+ Kf7 35. Rd6 Ke7 36. e5 Ra4 37. Kg4 c5 38. Kxg5 Rxd4 39.
Rxd4 cxd4 40. Kf4 Ke6 41. Ke4 d3 42. Kxd3 Kxe5 43. Kc4 Kf4 44. Kc5 Kg3 45. Kd6
Kxg2 46. Kc7 b5 47. Kb7 b4 48. Kxa7 Kf3 49. Kb6 Ke4 50. Kc5 Ke5 1/2-1/2

[Event "Tbilisi FIDE GP"]
[Site "Tbilisi"]
[Date "2015.02.23"]
[Round "8"]
[White "Vachier Lagrave, Maxime"]
[Black "Tomashevsky, Evgeny"]
[Result "0-1"]
[WhiteElo "2775"]
[BlackElo "2716"]
[PlyCount "182"]
[EventDate "2015.02.15"]
[EventType "tourn"]
[EventRounds "11"]
[EventCountry "GEO"]
[EventCategory "20"]
[SourceTitle "CBM 165"]
[Source "ChessBase"]
[SourceDate "2015.03.11"]
[SourceVersion "1"]
[SourceVersionDate "2015.03.11"]
[SourceQuality "1"]

1. e4 e5 2. Nf3 Nc6 3. Bb5 a6 4. Ba4 Nf6 5. O-O Be7 6. Re1 b5 7. Bb3 O-O 8. a4
Bb7 9. d3 d6 10. Bd2 b4 11. c3 Rb8 12. cxb4 Bc8 13. b5 axb5 14. axb5 Rxb5 15.
Ra8 Rb8 16. Rxb8 Nxb8 17. d4 exd4 18. Nxd4 c5 19. Nf3 Nc6 20. Bc3 Be6 21. Nbd2
d5 22. Ng5 Bg4 23. Qc2 c4 24. Nxc4 dxc4 25. Bxc4 Nd7 26. Nxf7 Rxf7 27. Bxf7+
Kxf7 28. Bxg7 Kxg7 29. Qxc6 Ne5 30. Qc3 Bf6 31. Qg3 h5 32. h3 h4 33. Qe3 Be6
34. b4 Qd3 35. Kh2 Be7 36. f4 Qxe3 37. Rxe3 Nc4 38. Re2 Bxb4 39. g3 Nd2 40.
gxh4 Bc4 41. Rg2+ Kh6 42. Kg3 Bf1 43. Rh2 Bd3 44. Kg4 Nxe4 45. Kf5 Bd6 46. Rg2
Kh5 47. Rg8 Ng5+ 48. Kf6 Nh7+ 49. Kg7 Bxf4 50. Ra8 Be5+ 51. Kf7 Kxh4 52. Ra4+
Kh5 53. h4 Bb2 54. Rf4 Bc3 55. Ke6 Be1 56. Rf3 Bg6 57. Rf1 Bb4 58. Rf4 Nf8+ 59.
Kd5 Be7 60. Rf1 Bc2 61. Rg1 Bb3+ 62. Ke4 Ng6 63. Kf5 Bd8 64. Ke4 Be6 65. Rd1
Be7 66. Ra1 Bc8 67. Ra5+ Kxh4 68. Ra1 Kg5 69. Rg1+ Bg4 70. Rg2 Bc5 71. Rg3 Nf4
72. Ke5 Bf2 73. Ra3 Bh3 74. Ra5 Bg2 75. Ra3 Ne2 76. Ra5 Bg3+ 77. Ke6+ Kg6 78.
Ra6 Nd4+ 79. Ke7+ Kg7 80. Ra1 Bh3 81. Rh1 Bg4 82. Rg1 Ne2 83. Rf1 Bf4 84. Rd1
Nc3 85. Rd3 Ne4 86. Kd8 Nc5 87. Rd5 Ne4 88. Rd3 Ng5 89. Ke7 Nf7 90. Rd4 Bg5+
91. Ke8 Ne5 0-1

[Event "Titled Tuesday 26th Oct"]
[Site "chess.com INT"]
[Date "2021.10.26"]
[Round "2"]
[White "Grischuk, A."]
[Black "Le Goff, R."]
[Result "1/2-1/2"]
[WhiteElo "2773"]
[BlackElo "2288"]
[PlyCount "121"]
[EventDate "2021.10.26"]
[SourceVersionDate "2018.05.14"]

1. e4 e5 2. Nf3 Nc6 3. Bc4 Nf6 4. d3 Be7 5. O-O O-O 6. Re1 d6 7. a4 a5 8. Nc3
h6 9. h3 Re8 10. Be3 Bf8 11. d4 exd4 12. Nxd4 Ne5 13. Bb3 c6 14. f4 Ng6 15. Qd3
Bd7 16. e5 dxe5 17. Qxg6 exd4 18. Bxf7+ Kh8 19. Bxd4 Rxe1+ 20. Rxe1 Bf5 21.
Qxf5 Qxd4+ 22. Kh1 Bd6 23. Ne4 Nxe4 24. Rxe4 Qd1+ 25. Kh2 Rf8 26. h4 Qxc2 27.
b3 Qf2 28. Kh3 Bb4 29. Re8 Rxe8 30. Bxe8 Qe3+ 31. g3 Qxe8 32. h5 Be7 33. Kg2
Qf8 34. Qxa5 Bf6 35. Qc7 Qe7 36. Qc8+ Kh7 37. Qf5+ Kg8 38. Qc8+ Kf7 39. Qf5 Qd6
40. Qg6+ Kf8 41. Qf5 Qd2+ 42. Kh3 Qd6 43. Qc8+ Qd8 44. Qxb7 Qd5 45. Qc8+ Kf7
46. Qc7+ Kg8 47. Qc8+ Bd8 48. b4 Qh1+ 49. Kg4 Qd1+ 50. Kh3 Qxh5+ 51. Kg2 Qe2+
52. Kh3 Qf1+ 53. Kh2 Qe2+ 54. Kh3 Qh5+ 55. Kg2 Qe8 56. a5 Qe2+ 57. Kh3 Qf1+ 58.
Kh2 Qe2+ 59. Kh3 Qf1+ 60. Kh2 Qe2+ 61. Kh3 1/2-1/2

[Event "6th Sinquefield Cup 2018"]
[Site "Saint Louis USA"]
[Date "2018.08.27"]
[Round "9.5"]
[White "Karjakin, Sergey"]
[Black "Vachier Lagrave, M."]
[Result "1/2-1/2"]
[WhiteElo "2773"]
[BlackElo "2779"]
[PlyCount "238"]
[EventDate "2018.08.18"]
[EventType "tourn"]
[EventRounds "9"]
[EventCountry "USA"]
[EventCategory "22"]
[SourceTitle "The Week in Chess 1243"]
[Source "Mark Crowther"]
[SourceDate "2018.09.03"]
[SourceVersion "1"]
[SourceVersionDate "2018.09.03"]
[SourceQuality "2"]

1. d4 Nf6 2. c4 g6 3. Nc3 d5 4. cxd5 Nxd5 5. e4 Nxc3 6. bxc3 Bg7 7. Bc4 c5 8.
Ne2 Nc6 9. Be3 O-O 10. O-O Bg4 11. f3 Bd7 12. Rb1 Qc7 13. h4 cxd4 14. cxd4 Nxd4
15. Bxf7+ Rxf7 16. Nxd4 Rd8 17. Qb3 Qg3 18. Ne2 Qxh4 19. Bf2 Qf6 20. Rfd1 b6
21. Qa3 e6 22. Rd2 Be8 23. e5 Qf5 24. Rxd8 Qxb1+ 25. Kh2 Rf8 26. Ng3 Bxe5 27.
Qxa7 Qb4 28. Kg1 Qb1+ 29. Kh2 Qb4 30. Kg1 Bf6 31. Rd1 Ba4 32. Rf1 Bc6 33. Qxb6
Qxb6 34. Bxb6 Ra8 35. Rf2 Bd5 36. Ne4 Be5 37. Re2 Bxa2 38. Ng5 Bd6 39. Kf2 Bc4
40. Rd2 Be7 41. Be3 Bd5 42. Rc2 h6 43. Ne4 Bxe4 44. fxe4 h5 45. Rc7 Bf6 46. Rc6
Ra2+ 47. Kf3 Ra3 48. Ke2 Kf7 49. Rc7+ Ke8 50. Rh7 Rb3 51. Ra7 Rb2+ 52. Kf3 g5
53. e5 g4+ 54. Ke4 Rb4+ 55. Kd3 Bd8 56. Ra8 Kd7 57. g3 Bc7 58. Bd4 Kc6 59. Bc3
Rb8 60. Ra6+ Rb6 61. Ra8 Rb5 62. Ke4 Rb3 63. Bd4 Bb8 64. Ra6+ Kd7 65. Ra8 Rb1
66. Bf2 Rb4+ 67. Bd4 Bc7 68. Kd3 Rb8 69. Ra7 Rb5 70. Kc4 Ra5 71. Rb7 Kc6 72.
Rb3 Bxe5 73. Rb6+ Kd7 74. Bxe5 Rxe5 75. Kd4 Ra5 76. Ke4 Ke7 77. Rb8 Ra3 78. Rh8
Rxg3 79. Rxh5 Ra3 80. Kf4 Ra4+ 81. Kg3 Kd6 82. Rh8 Kd5 83. Rd8+ Ke5 84. Rb8 Rd4
85. Ra8 Re4 86. Ra5+ Kf6 87. Ra8 e5 88. Rf8+ Ke6 89. Re8+ Kd5 90. Rd8+ Kc4 91.
Ra8 Kd5 92. Rd8+ Kc5 93. Rc8+ Kd4 94. Ra8 Rf4 95. Re8 Ke4 96. Rg8 Rf3+ 97. Kxg4
Rf1 98. Kh3 Ke3 99. Kg2 Ra1 100. Rg3+ Ke2 101. Rg4 Ke3 102. Rg3+ Kd2 103. Rg4
Re1 104. Ra4 e4 105. Ra2+ Ke3 106. Ra3+ Kf4 107. Kf2 Rb1 108. Ke2 Rb2+ 109. Ke1
Ke5 110. Ra4 Kf5 111. Ra8 Kf4 112. Ra3 Rh2 113. Kf1 Rd2 114. Ke1 Rd3 115. Rxd3
exd3 116. Kd2 Ke4 117. Kd1 Ke3 118. Ke1 d2+ 119. Kd1 Kd3 1/2-1/2

[Event "Saint Louis Blitz 2018"]
[Site "Saint Louis USA"]
[Date "2018.08.15"]
[Round "12.3"]
[White "Karjakin, Sergey"]
[Black "Grischuk, A."]
[Result "0-1"]
[WhiteElo "2773"]
[BlackElo "2766"]
[PlyCount "100"]
[EventDate "2018.08.14"]
[EventType "tourn (blitz)"]
[EventRounds "9"]
[EventCountry "USA"]
[EventCategory "22"]
[SourceTitle "The Week in Chess 1241"]
[Source "Mark Crowther"]
[SourceDate "2018.08.20"]
[SourceVersion "1"]
[SourceVersionDate "2018.08.20"]
[SourceQuality "2"]

1. Nf3 Nf6 2. d4 g6 3. Bf4 Bg7 4. e3 O-O 5. Be2 c5 6. O-O d6 7. h3 b6 8. Nbd2
Bb7 9. c3 Nbd7 10. a4 a6 11. Bd3 cxd4 12. exd4 e5 13. dxe5 dxe5 14. Bxe5 Nxe5
15. Nxe5 Nh5 16. Ndf3 Bxe5 17. Nxe5 Bxg2 18. Bxg6 Nf4 19. Bxf7+ Rxf7 20. Nxf7
Kxf7 21. Qxd8 Rxd8 22. Rfd1 Rg8 23. Kh2 Bxh3 24. Rd4 Rg2+ 25. Kh1 Rxf2 26. Kg1
Rg2+ 27. Kf1 Rxb2+ 28. Ke1 Ng2+ 29. Kd1 Ne3+ 30. Kc1 Rc2+ 31. Kb1 Bf5 32. Ra2
Rxc3+ 33. Kb2 Rc2+ 34. Ka3 Rxa2+ 35. Kxa2 Be6+ 36. Kb1 h5 37. Kc1 Nd5 38. Kd2
Kf6 39. Ke1 Ke5 40. Rc4 Bd7 41. Kf2 a5 42. Kf3 Nb4 43. Rh4 Bg4+ 44. Ke3 Na6 45.
Rh1 Nc5 46. Rb1 Nxa4 47. Rb5+ Kd6 48. Kd4 Kc6 49. Rg5 Nc5 50. Kc4 b5+ 0-1